Detalles MARC
| 000 -LIDER |
| fixed length control field |
00847nam a22003015b 4500 |
| 001 - NÚMERO DE CONTROL |
| Identificador de número de control |
00412571 |
| 003 - IDENTIFICACDOR DE NÚMERO DE CONTROL |
| control field |
DO-SdBPM |
| 005 - DATE AND TIME OF LATEST TRANSACTION |
| control field |
20250512133418.0 |
| 007 - CAMPOS FIJOS DE DESCRIPCIÓN FÍSICA |
| fixed length control field |
00412571 |
| 008 - ELEMENTOS DE LONGITUD FIJA |
| fixed length control field |
940907s1994 sp | | ||spa |
| 017 ## - NÚMERO DE REGISTRO DE DERECHOS DE AUTOR |
| Copyright or legal deposit number |
|
| Assigning agency |
|
| 020 ## - ISBN |
| International Standard Book Number |
8420646342 |
| 035 ## - NÚMERO LOCAL |
| System control number |
|
| 040 ## - FUENTE DE CATALOGACIÓN |
| Agencia que crea de manera original el registro |
DO-SdBPM |
| Idioma de catalogación |
spa |
| Agencia que realiza la transcripción |
BPMSU |
| Convenciones de la despripción |
|
| 082 #4 - NÚMERO DE CLASIFICACIÓN DECIMAL DE DEWEY |
| Classification number |
A863.6 |
| Item number |
C335m 1994 |
| Edition number |
22 |
| 100 1# - ASIENTO PRINCIPAL -- NOMBRE PERSONAL |
| Nombre personal |
Bioy Casares, Adolfo, |
| Fechas asociadas con el nombre |
1914-1999. |
| 245 10 - MENCIÓN DE TITULO |
| Título |
Máscaras venecianas ; La sierva ajena / |
| Mención de responsabilidad |
Adolfo Bioy Casares. |
| Medio (Designación general de material) |
|
| 246 13 - VARIACION DEL TÍTULO |
| Título propiamente dicho o título corto |
La sierva ajena |
| 260 ## - PUBLICACIÓN, DISTRIBUCIÓN, ETC. (PIE DE IMPRENTA) |
| Lugar de publicación, distribución, etc |
Madrid : |
| Nombre del editor, distribuidor, etc. |
Alianza Editorial, |
| Fecha de publicación, distribución, etc |
1994. |
| 300 ## - DESCRIPCIÓN FÍSICA |
| Extensión |
94 p. ; |
| Dimensiones |
15 cm |
| 490 0# - MENCIÓN DE SERIES |
| Mención de serie |
Alianza cien, |
| Volume/sequential designation |
34 |
| 590 ## - NOTA LOCAL |
| Texto de la nota local |
Inventariado, 2025/VM |
| 650 #4 - ENCABEZAMIENTO DE MATERIA--TEMÁTICO |
| Término temático o nombre geográfico como elemento de entrada |
Cuentos argentinos. |
| 650 #4 - ENCABEZAMIENTO DE MATERIA--TEMÁTICO |
| Término temático o nombre geográfico como elemento de entrada |
Vida cotidiana. |
| Subdivisión de forma |
Cuentos |
| 740 31 - ASIENTO SECUNDARIO DE TÍTULOS RELACIONADOS O ANALÍTICOS NO CONTROLADOS |
| Título analítico o relacionado no controlado |
La sierva ajena. |
| 910 ## - VALIDACIÓN |
| Validación |
VMateo V. Control de calidad. BPMSU |
| 942 ## - ADDED ENTRY ELEMENTS (KOHA) |
| Source of classification or shelving scheme |
Dewey Decimal Classification |
| Koha item type |
Libros |